| 000 | 00604nam a2200205 i 4500 | ||
|---|---|---|---|
| 001 | 19879 | ||
| 003 | ES-MaACL | ||
| 005 | 20230906152201.0 | ||
| 007 | t| | ||
| 008 | 021023s1959 xxca |||| | eng d | ||
| 080 | _a398.8(=947.5) | ||
| 245 | 0 | 0 |
_aAnerca / _c[edited by Edmund Carpenter ; drawings by Enooesweetok. |
| 260 |
_a[S.l. : _bs.n.], _c1959 ( _eToronto : _fJ.M. Dent & Sons) |
||
| 300 |
_a[46] p. : _bil. ; _c21 cm. |
||
| 650 | 4 |
_aInuit- _xMúsica. _910736 |
|
| 650 | 4 |
_aInuit. _9146693 |
|
| 700 | 1 |
_aCarpenter, Edmund. _935434 |
|
| 700 | 1 |
_aEnooesweetok. _947258 |
|
| 852 |
_aES-MaACL _jC-21449 |
||
| 999 |
_c19879 _d19879 |
||